000 01185njm a22002657a 4500
005 20100901115333.0
006 a|||||r|||||00| 0
007 sd ammalaaahaa
008 100901t xxu||||| |||| 00| 0 eng d
028 _aN 55525
_bHis Master's Voice
035 _aGR-01714
040 _aSED
_cSED
100 _aBhosle, Asha
_917891
245 _aAn Evening in Paris /
_cby Asha Bhosle ; music by Shankar Jaikishan ; lyrices by Haarat Jaipuri
_h[Sound recording]
246 _aअन एवेनिंग इन परिस / आशा भोसले
260 _aDUM DUM, India
_bHis Master's Voice
_c1967
300 _a1 Sound disc [Gramophone Recording] :
_banalog, 33 1/3 rpm
_c9.5 in. (MP)
_fGramophone Record
500 _aBrief record
505 _aSide-1 जुबी जुबी जलेम्बू (jubi jubi jlembu) (ASha Bhosle) --Side-2 रात के हम सफ़र (Rat ke ham safar) (Mohd Rafi & Asha Bhosle)
650 _aClassical music
_xExcerpts
_zIndia
_917892
700 _aJaikishan, Shankar
_918963
700 _aShliendra
_919099
942 _2ddc
_cGR
999 _c44703
_d44703